000 00617nam a2200229 a 4500
001 BRCA_5813
005 20190320205226.0
008 100311s194u----fr-a######---#000-0#fre-#
041 _afre
044 _afr
050 4 _aND611
_b.H89 1940
100 1 _aHuyghe, Rene
_99458
245 1 0 _aLa peinture italienne
_bXIIIe-XVIIIe siecle
_cRene Huyghe.
260 _aParís
_bBraun
_c[194?]
300 _a2 v.
_bil., 119 láminas
_c16 cm.
440 0 _aCollection ´Les Maitress´
_99366
500 _aG23
650 1 4 _aPintura italiana
_910312
650 1 4 _aPintura
_xHistoria
_914729
902 _aGFM
942 _2lcc
_cB
999 _c5502
_d5502